It looks like you're offline.
Open Library logo
additional options menu

MARC record from Internet Archive

LEADER: 01115cam 2200265Ia 4500
001 ocm07897449
003 OCoLC
005 20100505165152.0
008 811031t19711968nyua j 000 1 eng d
040 $aTXA$cTXA$dOCL$dOCLCQ$dBAKER$dOCLCQ$dOCLCG
035 $a(OCoLC)7897449
050 4 $aPZ7.C38738$bWi 1971
100 1 $aChase, Mary,$d1907-1981.
240 10 $aWicked pigeon ladies in the garden
245 14 $aThe wicked, wicked ladies in the haunted house /$cby Mary Chase ; illustrated by Don Bolognese.
260 $aNew York :$bScholastic Book Services,$c1971, c1968.
300 $a128 p. :$bill. ;$c20 cm.
500 $a"Original title: The wicked pigeon ladies in the garden."
520 $aNine-year-old Maureen is the terror of her neighborhood until the day she begins to explore an old deserted estate and encounters a leprechaun and seven strange ladies.
650 0 $aGhost stories.
650 0 $aFantasy.
740 00 $aWicked pigeon ladies in the garden.
938 $aBaker & Taylor$bBKTY$c5.50$d.00$i0440419565$n0006211620$sactive
994 $aZ0$bPMR
948 $hNO HOLDINGS IN PMR - 21 OTHER HOLDINGS